| 000 | 00930nas a2200313 4500 | ||
|---|---|---|---|
| 001 | BR0105254 | ||
| 003 | BR-BrBNA | ||
| 005 | 20231205102554.0 | ||
| 007 | ta | ||
| 008 | 230509b bl.|||p| |||| 00| 00por d | ||
| 040 |
_aBR-BrBNA _bpor _cBiblioteca Nacional de Agricultura |
||
| 041 | _a(Pt) | ||
| 072 | _aH20 | ||
| 100 | 1 | _aBocchese, C.A.C. | |
| 100 | 1 | _aMartinelli, J.A. | |
| 100 | 1 | _aMatsumura, A.T.S. | |
| 100 | 1 | _aFederizzi, L.C. | |
| 100 | 1 | _aDresch, L.F. | |
| 100 | 1 | _aTeller, M. | |
| 245 | 1 | _aEspecificidade de Pyrenophora avenae aos tecidos da semente de Avena sativa e sua atividade enzimatica | |
| 650 | _aAveia | ||
| 650 | _aMancha Escura | ||
| 650 | _aMicelio | ||
| 650 | _aProteina | ||
| 650 | _aAtividade Enzimica | ||
| 773 | 0 |
_tFitopatologia Brasileira (Brazil) _xISSN 0100-4158 _g(Jun 2001), v. 26(2) p. 180-184 _wBR0105254 |
|
| 909 |
_a202311 _bLúcia _c55 _dLúcia Elande |
||
| 942 |
_2AGRIS _n0 _cANA |
||
| 999 |
_c168229 _d168229 |
||